000 00842nam a2200205 a 4500
001 BRCA_994
005 20190320203233.0
008 020603s2002####ag-a#####c---#000-0#eng-d
020 _a188312414X
050 4 _aNK947
_b.H86 2002
100 1 _aHunter-Stiebel, Penelope
_d1946-
_92172
245 1 0 _aMatières de Rêves
_bStuff of Dreams : from the Paris Musée des Arts Décoratifs
_cPenelope Hunter-Stiebel, Odile Nouvel-Kammerer.
260 _a[Portland, Oregon]
_bPortland Art Museum
_c2002
300 _a174 p.
_bil. a color
_c30 cm.
500 _aCatálogo de la exposición realizada en el Portland Art Museum (Oregon), 2 febrero - 28 abril, 2002
610 2 4 _aMuseo de Artes Decorativas (Francia)
_vExposiciones
_93280
650 1 4 _aArtes decorativas
_vExposiciones
_zFrancia
_93281
700 1 _aNouvel-Kammerer, Odile
_93282
942 _2lcc
_cB
999 _c878
_d878